| 000 | 00874cam a2200205 4500 | ||
|---|---|---|---|
| 001 | ABS63887 | ||
| 008 | 000000n2001 000 0 eng u | ||
| 035 | _a(Sirsi) u112194 | ||
| 245 | _aSITA (formerly Ebenezer Mears (Sand Producers) Ltd) v Surrey County Council | ||
| 260 | _c2001 | ||
| 490 |
_aRating and Valuation Reporter _v[2001] RVR 56-58(3) |
||
| 520 | _aLT 8 January 2001. Claimant (M) reference to the Lands Tribunal made more than six years after it was statute barred under the Limitation Act s9(1) on the grounds that S had not made any promises or assurance not to take into consideration the provisions of the 1980 Act | ||
| 590 | _aABS | ||
| 650 | _aLIMITATION ACT 1980 | ||
| 650 |
_aCompulsory purchase _96228 |
||
| 650 | _aCOMPENSATION | ||
| 650 | _aSITA (FORMERLY EBENEZER MEARS (SAND PRODUCERS) LTD) V SURREY CC | ||
| 690 | _aLAW | ||
| 942 | _n0 | ||
| 999 |
_c66820 _d66820 |
||